Central Library OPAC University of Rajshahi
Normal view MARC view

Entry Topical Term

Number of records used in: 2

001 - CONTROL NUMBER

  • control field: 9188

003 - CONTROL NUMBER IDENTIFIER

  • control field: BD-RjUL

005 - DATE AND TIME OF LATEST TRANSACTION

  • control field: 20230925130934.0

008 - FIXED-LENGTH DATA ELEMENTS

  • fixed length control field: 230925|| aca||aabn | a|a d

040 ## - CATALOGING SOURCE

  • Original cataloging agency: BD-RjUL
  • Transcribing agency: BD-RjUL

150 ## - HEADING--TOPICAL TERM

  • Topical term or geographic name entry element: التصوف

670 ## - SOURCE DATA FOUND

  • Source citation: Work cat.: (BD-RjUL)81988: سہیل, حکیم غلام حیدر 9186, الشيخ عبد القادر الجيلاني :Sheikh Abdul Qadir Jilani /, 1966